وہ دن : (Record no. 107492)

MARC details
000 -LEADER
fixed length control field 00826nam a22002537a 4500
005 - DATE AND TIME OF LATEST TRANSACTION
control field 20170123162327.0
010 ## - LIBRARY OF CONGRESS CONTROL NUMBER
LC control number B-012736
020 ## - INTERNATIONAL STANDARD BOOK NUMBER
Terms of availability 80.00
International Standard Book Number 8187231068
035 ## - SYSTEM CONTROL NUMBER
System control number B-012736
037 ## - SOURCE OF ACQUISITION
Source of stock number/acquisition Cen Lib/Ret
040 ## - CATALOGING SOURCE
Original cataloging agency DPL
Language of cataloging UR
082 ## - DEWEY DECIMAL CLASSIFICATION NUMBER
Classification number ک
Item number غ ے ا
100 ## - MAIN ENTRY--PERSONAL NAME
Personal name غیاث رحمٰن
9 (RLIN) 119698
245 ## - TITLE STATEMENT
Title وہ دن :
Statement of responsibility, etc غیاث رحمٰن
Remainder of title افسانے /
246 ## - VARYING FORM OF TITLE
Title proper/short title Vo din : afsane /
Remainder of title by Ghyas Alrahman
260 ## - PUBLICATION, DISTRIBUTION, ETC. (IMPRINT)
Name of publisher, distributor, etc تخلیکر پبلشرس
Date of publication, distribution, etc 1998
Place of publication, distribution, etc نیی دہلی
270 ## - ADDRESS
City نیی دہلی
Address 104/B, یا و ر منذل بلاک لکشمی نگر
Postal code 110092
300 ## - PHYSICAL DESCRIPTION
Extent 127p.
Dimensions 20cm(Hb)
650 ## - SUBJECT ADDED ENTRY--TOPICAL TERM
Topical term or geographic name as entry element اردو ادب
9 (RLIN) 119699
650 ## - SUBJECT ADDED ENTRY--TOPICAL TERM
Topical term or geographic name as entry element اردو افسانے
General subdivision
9 (RLIN) 889
650 ## - SUBJECT ADDED ENTRY--TOPICAL TERM
Form subdivision
Topical term or geographic name as entry element Urdu literature
9 (RLIN) 119700
650 ## - SUBJECT ADDED ENTRY--TOPICAL TERM
Topical term or geographic name as entry element Urdu stories
9 (RLIN) 119701
942 ## - ADDED ENTRY ELEMENTS (KOHA)
Source of classification or shelving scheme Dewey Decimal Classification
Koha item type Urdu Bks
Classification part ک
Call number suffix غ ے ا
Holdings
Withdrawn status Lost status Damaged status Not for loan Home library Current library Date acquired Source of acquisition Cost, normal purchase price Total Checkouts Full call number Barcode Date last seen Date checked out Copy number Cost, replacement price Price effective from Koha item type
        Central Library Central Library 08/01/2016 Cen Lib/Ret 80.00 1 ک غ ے ا B-012736 05/03/2019 02/03/2019 1 80.00 08/01/2016 Urdu Bks

© Delhi Public Library
Hit Counter
free hit counter